Villes de NBA - Mort Subite - Statistiques

Statistiques générales
  • Ce quiz a été pris 625 fois
  • Le résultat moyen est 18 sur 28
Answers on the Grid
Answers color-coded by a green-red scale on the quiz's grid according to % correct below.
Atlanta
Austin
Boston
Charlotte
Chicago
Cincinnati
Cleveland
Dallas
Denver
Detroit
Green Bay
Honolulu
Houston
Indianapolis
Jacksonville
Kansas City
Las Vegas
Los Angeles
Memphis
Mexico City
Miami
Milwaukee
Minneapolis
Montreal
Nashville
New Orleans
New York
Oakland
Oklahoma City
Orlando
Philadelphia
Phoenix
Pittsburgh
Portland
Richmond
Sacramento
Salt Lake City
San Antonio
San Diego
San Francisco
Santa Fe
Seattle
St. Louis
Tampa
Toronto
Vancouver
Washington D.C.
 
Statistiques - réponses
Réponse % Correct
Los Angeles
73%
Miami
72%
New York
72%
San Antonio
71%
Boston
70%
Chicago
70%
Dallas
70%
Phoenix
69%
Atlanta
68%
Houston
68%
Milwaukee
68%
Philadelphia
68%
Charlotte
67%
Cleveland
67%
Oklahoma City
67%
Portland
67%
Detroit
66%
Orlando
66%
Toronto
66%
Denver
65%
Memphis
65%
Sacramento
65%
New Orleans
63%
Washington D.C.
63%
Indianapolis
57%
San Francisco
55%
Minneapolis
51%
Salt Lake City
38%
Aucun quiz correspondant
Distribution des résultats
% des personnes avec chaque résultat
Percentile par nombre de réponses
Votre historique - résultats
Vous n’avez pas pris ce quiz